Flagi z tylko czerwonym i białym - Quiz obrazkowy - Statystyki

Ogólne statystyki
  • Ten quiz został rozwiązany 58 209 razy
  • Średni wynik to 13 z 16
Statystyki odpowiedzi
Obrazkowy Odpowiedź % Poprawnych
Polska
99%
Kanada
97%
Szwajcaria
95%
Dania
93%
Japonia
93%
Turcja
92%
Indonezja
90%
Monako
90%
Austria
88%
Gruzja
87%
Łotwa
85%
Katar
80%
Tunezja
74%
Singapur
63%
Bahrajn
52%
Tonga
35%
Nie znaleziono quizów pasujących do podanych kryteriów
Rozkład punktacji
Procent ludzi z każdym wynikiem
Percentyl według liczby udzielonych odpowiedzi
Twoja historia wyników
Nie rozwiązałeś tego quizu